|
|
|
|
| LEADER |
00790nam a2200217Ia 4500 |
| 001 |
CTU_56801 |
| 008 |
210402s9999 xx 000 0 und d |
| 020 |
|
|
|b 32000
|
| 082 |
|
|
|a 006.68
|
| 082 |
|
|
|b Th455
|
| 100 |
|
|
|a Ông Văn Thông
|
| 245 |
|
0 |
|a Xử lý ảnh chuyên nghiệp với Adobe Photoshop 6.0 : Phần nâng cao
|
| 245 |
|
0 |
|c Ông Văn Thông
|
| 260 |
|
|
|a Tp. HCM
|
| 260 |
|
|
|b Thống Kê
|
| 260 |
|
|
|c 2003
|
| 526 |
|
|
|a Đồ họa và thiết kế cảnh quan đô thị,Đồ họa và thiết kế cảnh quan đô thị
|
| 526 |
|
|
|b SP501,MT224
|
| 650 |
|
|
|a photoshop ( computer programs ),photography,computer graphics
|
| 650 |
|
|
|x processing,computer programs
|
| 980 |
|
|
|a Trung tâm Học liệu Trường Đại học Cần Thơ
|